|
|
|
|
| LEADER |
01500nam a2200373 a 4500 |
| 001 |
000759723 |
| 003 |
CZ BrMZK |
| 005 |
20080612135757.0 |
| 007 |
ta |
| 008 |
050117s2004 pl ahj er 001 0 pol d |
| 020 |
|
|
|a 83-914331-6-1
|q (váz.)
|
| 040 |
|
|
|a BOA001
|b cze
|
| 043 |
|
|
|a e-xr---
|a e-pl---
|b e-xr-mo
|2 czenas
|
| 072 |
|
7 |
|a 929.5/.9
|x Genealogie. Heraldika. Šlechta. Vlajky
|2 Konspekt
|9 8
|
| 080 |
|
|
|a 929.732
|2 MRF
|
| 080 |
|
|
|a 929.5
|2 MRF
|
| 080 |
|
|
|a (437.326)
|2 MRF
|
| 080 |
|
|
|a (438)
|2 MRF
|
| 080 |
|
|
|a (048.8)
|2 MRF
|
| 100 |
1 |
|
|a Šeršník, Leopold Jan,
|d 1747-1814
|7 jk01122776
|4 aut
|
| 245 |
1 |
0 |
|a Materiały genealogiczno-heraldyczne do dziejów szlachty księstwa cieszyńskiego /
|c Leopold Jan Szersznik ; wydal Wacław Gojniczek
|
| 260 |
|
|
|a Cieszyn :
|b Książnica Cieszyńska,
|c 2004
|
| 300 |
|
|
|a 391 s. :
|b barev. il., faksim., geneal. tabulky ;
|c 25 cm
|
| 490 |
1 |
|
|a Bibliotheca Tessinensis. I., Polonica ;
|v 1
|
| 504 |
|
|
|a Obsahuje bibliografii, bibliografické odkazy a rejstříky
|
| 650 |
0 |
7 |
|a šlechtické rody
|7 ph127826
|z Těšínské Slezsko
|y 13.-18. stol.
|2 czenas
|
| 650 |
0 |
7 |
|a šlechtické rody
|7 ph127826
|x genealogie
|y 13.-18. stol.
|2 czenas
|
| 655 |
|
7 |
|a studie
|7 fd133597
|2 czenas
|
| 700 |
1 |
|
|a Gojniczek, Wacław
|7 mzk2005266329
|4 pbl
|
| 830 |
|
0 |
|a Bibliotheca Tessinensis.
|p Polonica
|
| 910 |
|
|
|a BOA001
|b 2-1147.067
|
| 990 |
|
|
|a BK
|
| 991 |
|
|
|b 200504
|c NOV
|
| 996 |
7 |
|
|b 2610240753
|c 2-1147.067
|l MZK
|r Sklad / do 1 hodiny
|n 12
|p dar
|w 000759723
|u 000010
|a 1
|e BOA001
|j MZK50
|s A
|